[Event "Reykjavik Open 2015"]
[Site "Reykjavik ISL"]
[Date "2015.03.11"]
[Round "3.119"]
[White "Miszkielo, Bartosz"]
[Black "Kristofersson, Sindri Snaer"]
[Result "1-0"]
[WhiteElo "1694"]
[BlackElo "1224"]
[WhiteFideId "1185160"]
[BlackFideId "2310732"]
[EventDate "2015.03.10"]

1. e4 c5 2. Nf3 e6 3. d4 cxd4 4. Nxd4 Nc6 5. Be3 Qc7 6. Be2 a6 7. O-O Nf6 8. Bf3
Be7 9. g3 O-O 10. Bg2 d5 11. exd5 exd5 12. Nc3 Be6 13. Nxe6 fxe6 14. Na4 b5 15.
Nc5 Nd8 16. b4 a5 17. c3 h5 18. Qe2 Qc6 19. Bd4 Rf7 20. Rfe1 Nb7 21. Nxe6 axb4
22. Ng5 Rff8 23. Qxe7 Rae8 24. Qxb4 1-0

[Event "Reykjavik Open 2015"]
[Site "Reykjavik ISL"]
[Date "2015.03.11"]
[Round "3.121"]
[White "Fjallheim, Elmar"]
[Black "Heidarsson, Arnar"]
[Result "1-0"]
[WhiteElo "1678"]
[BlackElo "1119"]
[WhiteFideId "7201095"]
[BlackFideId "2312875"]
[EventDate "2015.03.10"]

1. e4 e5 2. Nf3 Nc6 3. d4 exd4 4. Nxd4 Nxd4 5. Qxd4 Qe7 6. Nc3 Qc5 7. Be3 Qxd4
8. Bxd4 c5 9. Be5 d6 10. Bg3 Be6 11. Bb5+ Bd7 12. O-O-O Bxb5 13. Nxb5 O-O-O 14.
Nxa7+ Kb8 15. Nb5 g6 16. Nxd6 Bxd6 17. Rxd6 Kc8 18. Rhd1 Nh6 19. Bf4 Rxd6 20.
Rxd6 Ng4 21. f3 Nf2 22. Be3 Nxe4 23. fxe4 Re8 24. Bxc5 Rxe4 25. Bb6 Re8 26. a4 1-0

[Event "Reykjavik Open 2015"]
[Site "Reykjavik ISL"]
[Date "2015.03.12"]
[Round "4.2"]
[White "Georgiadis, Nico"]
[Black "L'Ami, Erwin"]
[Result "1/2-1/2"]
[WhiteTitle "IM"]
[BlackTitle "GM"]
[WhiteElo "2468"]
[BlackElo "2605"]
[WhiteFideId "1300113"]
[BlackFideId "1007998"]
[EventDate "2015.03.10"]

1. e4 e5 2. Nf3 Nc6 3. Bb5 a6 4. Ba4 g6 5. c3 Bg7 6. d4 d6 7. Bxc6+ bxc6 8. dxe5
dxe5 9. Qxd8+ Kxd8 10. Nbd2 f6 11. Nb3 a5 12. a4 Nh6 13. Nfd2 Be6 14. Nc5 Ke7
15. Nxe6 Kxe6 16. Nb3 Rhb8 17. Nc5+ Ke7 18. f3 Nf7 19. b3 Bf8 20. Be3 Ke8 21.
Rb1 Bxc5 22. Bxc5 Nd6 23. Kd2 Kf7 24. Kc2 Ke6 25. Rbd1 h5 26. Rd3 Rd8 27. Rhd1
Nb7 28. Rxd8 Nxd8 29. Bf2 Nb7 30. Ra1 c5 31. Rd1 g5 32. Be3 Rg8 33. Rd5 f5 34.
Rd1 f4 35. Bf2 g4 36. Rd2 Ra8 37. Rd5 c6 38. Rd1 Rg8 39. Rd2 Rb8 40. Rd1 Ra8 41.
c4 Rg8 42. Bh4 Rg7 1/2-1/2

[Event "Reykjavik Open 2015"]
[Site "Reykjavik ISL"]
[Date "2015.03.12"]
[Round "4.3"]
[White "Hauge, Lars Oskar"]
[Black "Fier, Alexandr"]
[Result "0-1"]
[WhiteTitle "FM"]
[BlackTitle "GM"]
[WhiteElo "2380"]
[BlackElo "2601"]
[WhiteFideId "1509276"]
[BlackFideId "2107139"]
[EventDate "2015.03.10"]

1. b3 c5 2. Bb2 d6 3. e3 e5 4. d4 cxd4 5. exd4 e4 6. d5 Nf6 7. Nc3 Qb6 8. Bb5+
Bd7 9. Bxd7+ Nbxd7 10. Qe2 Be7 11. O-O-O O-O 12. Nxe4 Nxe4 13. Qxe4 Bf6 14. Bxf6
Nxf6 15. Qd4 Qa6 16. Kb2 Rac8 17. Qd3 Qb6 18. Ne2 Ng4 19. f3 Nf2 20. Qd4 Nxd1+
21. Rxd1 Qc7 22. Rd2 b5 23. Ng3 Rfe8 24. Nf5 f6 25. a3 g6 26. Ng3 f5 27. Ne2 Qc5
28. Qxc5 dxc5 29. c4 bxc4 30. bxc4 Kf7 31. Nc3 Ke7 32. Ka2 Kd7 33. Nb5 a6 34.
Na7 Rb8 35. Nc6 Rb6 36. f4 Re4 37. g3 Kd6 38. Ne5 Rb7 39. Rc2 Re3 40. Rd2 Rbb3
41. Nf7+ Ke7 42. d6+ Kxf7 0-1

[Event "Reykjavik Open 2015"]
[Site "Reykjavik ISL"]
[Date "2015.03.12"]
[Round "4.4"]
[White "Abdumalik, Zhansaya"]
[Black "Gretarsson, Hjorvar Steinn"]
[Result "0-1"]
[WhiteTitle "WGM"]
[BlackTitle "GM"]
[WhiteElo "2379"]
[BlackElo "2554"]
[WhiteFideId "13703544"]
[BlackFideId "2302241"]
[EventDate "2015.03.10"]

1. e4 e5 2. Nf3 Nc6 3. Bb5 Nge7 4. c3 d5 5. Nxe5 dxe4 6. Nxc6 bxc6 7. Bc4 Nd5 8.
Qe2 Be6 9. Qxe4 Bd6 10. Bxd5 cxd5 11. Qf3 O-O 12. d4 Qh4 13. h3 Rae8 14. O-O g5
15. Qf6 h6 16. Qf3 g4 17. Qe3 Kg7 18. f4 gxh3 19. Qf2 Qh5 20. Nd2 hxg2 21. Qxg2+
Kh7 22. Qh1 Rg8+ 23. Kf2 Bh3 24. Nf3 Rg2+ 25. Qxg2 Bxg2 26. Kxg2 Rg8+ 27. Kf2
Qh3 28. Rg1 Rxg1 29. Nxg1 Qh2+ 30. Kf1 Bxf4 31. Bxf4 Qxf4+ 32. Kg2 Qd2+ 33. Kg3
Qxb2 34. Rf1 Qxc3+ 35. Nf3 Kg7 36. Rf2 a5 37. Kf4 a4 38. Rg2+ Kf6 39. Rh2 Qc1+
40. Kg4 c6 41. Rf2 Ke6 42. Kg3 f5 43. Re2+ Kf6 44. Rh2 a3 45. Re2 f4+ 46. Kf2
Qc3 47. Kg2 Qd3 48. Rd2 Qg6+ 49. Kf1 Qg3 50. Rf2 Kf5 51. Nd2 Qd3+ 0-1

[Event "Reykjavik Open 2015"]
[Site "Reykjavik ISL"]
[Date "2015.03.12"]
[Round "4.5"]
[White "Christiansen, Johan-Sebastian"]
[Black "Stopa, Jacek"]
[Result "0-1"]
[WhiteTitle "FM"]
[BlackTitle "IM"]
[WhiteElo "2351"]
[BlackElo "2544"]
[WhiteFideId "1512668"]
[BlackFideId "1119591"]
[EventDate "2015.03.10"]

1. c4 e6 2. g3 f5 3. Bg2 Nf6 4. e3 d5 5. b3 c6 6. Ne2 Bd6 7. Nbc3 O-O 8. O-O Qe7
9. d3 Nbd7 10. Bb2 Ne5 11. Qd2 Nf7 12. Rad1 Bb4 13. Nd4 Bd7 14. Qe2 dxc4 15.
bxc4 e5 16. Nf3 e4 17. Nd4 Rad8 18. Nc2 Bd6 19. d4 Be8 20. Ne1 Ng5 21. f3 Bh5
22. Qd2 exf3 23. Nxf3 Ng4 24. c5 Bxc5 25. Rde1 Bb4 26. Qd3 Ne4 27. Nh4 Qe6 28.
a3 Ba5 29. Rc1 Nd6 30. Bf3 Nc4 31. Nd1 Nd2 32. Rc5 Bb6 33. Qxd2 Bxc5 34. Qe2 Bd6
35. h3 Bxg3 36. Ng2 Qh6 37. d5 cxd5 38. hxg4 fxg4 39. Bxd5+ Rxd5 40. Rxf8+ Kxf8
41. Nc3 Bf7 42. Nf4 Bxf4 43. Nxd5 Bxd5 44. exf4 g3 45. Bxg7+ Qxg7 46. Qd1 Qb2 0-1

[Event "Reykjavik Open 2015"]
[Site "Reykjavik ISL"]
[Date "2015.03.12"]
[Round "4.6"]
[White "Bisby, Daniel L"]
[Black "Gao, Rui"]
[Result "0-1"]
[WhiteTitle "FM"]
[BlackTitle "GM"]
[WhiteElo "2321"]
[BlackElo "2533"]
[WhiteFideId "404586"]
[BlackFideId "8602387"]
[EventDate "2015.03.10"]

1. d4 Nf6 2. c4 e6 3. Nc3 Bb4 4. e3 O-O 5. Bd3 d5 6. Nf3 c5 7. O-O dxc4 8. Bxc4
cxd4 9. exd4 b6 10. Qe2 Bb7 11. Bg5 Nbd7 12. Rac1 Rc8 13. Ne5 h6 14. Nxd7 Qxd7
15. Bxf6 gxf6 16. Qg4+ Kh7 17. Ne4 Be7 18. Bd3 f5 19. Ng3 Rg8 20. Qh5 Rg6 21.
Rxc8 Qxc8 22. Rd1 Qa8 23. Nxf5 Bf3 24. Qh3 Bxg2 0-1

[Event "Reykjavik Open 2015"]
[Site "Reykjavik ISL"]
[Date "2015.03.12"]
[Round "4.8"]
[White "Melkumyan, Hrant"]
[Black "Akesson, Ralf"]
[Result "1-0"]
[WhiteTitle "GM"]
[BlackTitle "GM"]
[WhiteElo "2676"]
[BlackElo "2456"]
[WhiteFideId "13302485"]
[BlackFideId "1700120"]
[EventDate "2015.03.10"]

1. d4 d5 2. c4 e6 3. Nc3 Be7 4. Nf3 Nf6 5. g3 O-O 6. Bg2 Nbd7 7. Qd3 a6 8. Bf4
c6 9. O-O b5 10. c5 b4 11. Na4 a5 12. Rfc1 Ba6 13. Qd1 Qc8 14. Ne5 Qb7 15. Nd3
Rfc8 16. b3 Ne8 17. a3 bxa3 18. Rxa3 Bxd3 19. Qxd3 Nc7 20. Ra2 Nb5 21. e4 dxe4
22. Bxe4 Nf6 23. Nb6 Rd8 24. Bg2 Nxd4 25. Nxa8 Nxb3 26. Qb1 Qb4 27. Rb2 Nxc1 28.
Rxb4 Rd1+ 29. Bf1 Ne2+ 30. Kg2 1-0

[Event "Reykjavik Open 2015"]
[Site "Reykjavik ISL"]
[Date "2015.03.12"]
[Round "4.9"]
[White "Jones, Gawain C B"]
[Black "Gunnarsson, Jon Viktor"]
[Result "0-1"]
[WhiteTitle "GM"]
[BlackTitle "IM"]
[WhiteElo "2642"]
[BlackElo "2443"]
[WhiteFideId "409561"]
[BlackFideId "2300931"]
[EventDate "2015.03.10"]

1. c4 c5 2. Nf3 g6 3. g3 Nc6 4. Nc3 Bg7 5. Bg2 d6 6. O-O Bf5 7. d3 Qd7 8. Re1
Bh3 9. Bh1 h5 10. Ng5 h4 11. Nd5 hxg3 12. hxg3 Nf6 13. Nf4 Bg4 14. f3 e5 15. Nd5
Be6 16. e4 Nh5 17. Kf2 Bxd5 18. exd5 Nd4 19. g4 Nf6 20. Bg2 O-O-O 21. Be3 Nh7
22. Nxh7 Rxh7 23. Qd2 f5 24. Rh1 Rdh8 25. Bxd4 cxd4 26. Rxh7 Rxh7 27. Rh1 Rxh1
28. Bxh1 Qd8 29. Kg3 Bf6 30. Qh6 Qa5 31. gxf5 Qe1+ 32. Kh2 e4 33. Qf8+ Bd8 34.
fxg6 Qh4+ 35. Kg2 Qg5+ 36. Kf1 Qc1+ 37. Kg2 Qg5+ 38. Kf1 exd3 39. Qxd6 Qc1+ 40.
Kg2 Qg5+ 41. Kf1 Qc1+ 42. Kg2 Qd2+ 43. Kh3 Qh6+ 44. Kg2 d2 45. Qc5+ Kb8 46. Qxd4
Qxg6+ 47. Kh3 Qh7+ 48. Kg2 Qc2 49. Qf4+ Ka8 0-1

[Event "Reykjavik Open 2015"]
[Site "Reykjavik ISL"]
[Date "2015.03.12"]
[Round "4.10"]
[White "Norowitz, Yaacov"]
[Black "Naroditsky, Daniel"]
[Result "0-1"]
[WhiteTitle "IM"]
[BlackTitle "GM"]
[WhiteElo "2422"]
[BlackElo "2633"]
[WhiteFideId "2024799"]
[BlackFideId "2026961"]
[EventDate "2015.03.10"]

1. d4 d5 2. Nf3 Nf6 3. c4 e6 4. Nc3 dxc4 5. Qa4+ c6 6. Qxc4 b5 7. Qd3 Bb7 8. Bg5
Nbd7 9. g3 a6 10. Bg2 c5 11. O-O h6 12. Bxf6 Nxf6 13. Rfd1 Qb6 14. a4 c4 15. Qc2
Bb4 16. Nd2 Bxg2 17. Kxg2 O-O 18. Nde4 Nd5 19. Nxd5 exd5 20. Nc3 Bxc3 21. bxc3
b4 22. a5 Qd6 23. cxb4 Rab8 24. Rdb1 Rxb4 25. Qf5 g6 26. Qf3 Rfb8 27. Rxb4 Rxb4
28. Ra3 Rb5 29. Re3 Kg7 30. Re8 Rxa5 31. Qg4 Qc6 32. Rd8 Qe6 33. Qf3 h5 34. h4
Qe7 35. Rxd5 Rxd5 36. Qxd5 Qxe2 37. Qc5 Qe4+ 38. Kh2 Qd3 39. d5 c3 40. d6 c2 41.
Qe5+ Kh7 42. Qf6 Kg8 0-1

[Event "Reykjavik Open 2015"]
[Site "Reykjavik ISL"]
[Date "2015.03.12"]
[Round "4.12"]
[White "Thorfinnsson, Bjorn"]
[Black "Gupta, Abhijeet"]
[Result "0-1"]
[WhiteTitle "IM"]
[BlackTitle "GM"]
[WhiteElo "2403"]
[BlackElo "2625"]
[WhiteFideId "2300982"]
[BlackFideId "5010608"]
[EventDate "2015.03.10"]

1. g3 d5 2. Bg2 g6 3. c4 c6 4. cxd5 cxd5 5. Qb3 Nf6 6. Nc3 e6 7. d3 Bg7 8. Nf3
O-O 9. O-O Nc6 10. e4 d4 11. Ne2 Nd7 12. Bd2 Qb6 13. Qa3 Rd8 14. b4 Bf8 15. Rab1
a5 16. Qa4 Qa7 17. bxa5 Nc5 18. Qc2 e5 19. Rb5 Bg4 20. Rc1 Na6 21. Qb3 Rd7 22.
h3 Be6 23. Qb1 f6 24. Ne1 Nab4 25. a3 Na6 26. Nc2 Nc5 27. Nb4 Nb3 28. Nxc6 Nxd2
29. Qb2 Qa6 30. Ncxd4 exd4 31. Rb6 Qxd3 32. Nf4 Nc4 33. Nxd3 Nxb2 34. Nxb2 Bxa3
35. Rxe6 Bxb2 36. Rd1 d3 37. Rb6 Be5 38. Rb5 d2 39. Rd5 Rxd5 40. exd5 Bc3 41. d6
Rb8 42. Kf1 Kf8 43. Ke2 Bxa5 44. Bf3 Re8+ 45. Kd3 Re1 46. Kc2 b6 47. Rb1 Re6 48.
Rb5 Rxd6 49. Bd1 Ke7 50. Rb3 f5 51. Re3+ Kf6 52. Re8 h5 53. Bf3 Rd4 54. Rc8 h4
55. Bd1 Kg5 56. Rc6 Kh6 57. Rc8 Ra4 58. Kb2 Re4 59. Kc2 Rd4 60. Be2 Ra4 61. Rc4
Ra2+ 62. Kb1 hxg3 63. fxg3 Ra3 64. g4 Rxh3 65. gxf5 Rh1+ 0-1

[Event "Reykjavik Open 2015"]
[Site "Reykjavik ISL"]
[Date "2015.03.12"]
[Round "4.13"]
[White "Grandelius, Nils"]
[Black "Pulvett Marin, Daniel"]
[Result "1-0"]
[WhiteTitle "GM"]
[BlackTitle "IM"]
[WhiteElo "2603"]
[BlackElo "2434"]
[WhiteFideId "1710400"]
[BlackFideId "3900410"]
[EventDate "2015.03.10"]

1. e4 c5 2. Nf3 e6 3. d4 cxd4 4. Nxd4 Nc6 5. Nc3 Qc7 6. f4 a6 7. Nxc6 bxc6 8.
Bd3 d5 9. O-O Nf6 10. Qe2 Be7 11. Bd2 Bb7 12. Rae1 dxe4 13. Nxe4 O-O 14. Bc3 Nd5
15. Be5 Qb6+ 16. Kh1 f6 17. Bd6 Rad8 18. Bxe7 Nxe7 19. Ng5 fxg5 20. Qxe6+ Kh8
21. Qxe7 gxf4 22. Qe4 Rxd3 23. cxd3 c5 24. Qxf4 Rg8 25. Rf2 h6 26. h3 Qg6 27.
Re3 Rd8 28. Qc7 1-0

[Event "Reykjavik Open 2015"]
[Site "Reykjavik ISL"]
[Date "2015.03.12"]
[Round "4.16"]
[White "Maze, Sebastien"]
[Black "Hagen, Andreas Skytte"]
[Result "1-0"]
[WhiteTitle "GM"]
[BlackTitle "IM"]
[WhiteElo "2564"]
[BlackElo "2412"]
[WhiteFideId "613762"]
[BlackFideId "1407341"]
[EventDate "2015.03.10"]

1. e4 e5 2. Nf3 Nc6 3. Bb5 Nf6 4. Qe2 a6 5. Ba4 b5 6. Bb3 Be7 7. O-O O-O 8. c3
d5 9. d3 Bb7 10. Nbd2 Re8 11. Re1 Bf8 12. Nf1 h6 13. Ng3 Qd7 14. Nh4 Na5 15. Bc2
dxe4 16. dxe4 Qg4 17. Nf3 g6 18. b4 Nc4 19. Bb3 c5 20. Bxc4 bxc4 21. bxc5 Rac8
22. Rb1 Rc7 23. Rb6 Nd7 24. h3 1-0

[Event "Reykjavik Open 2015"]
[Site "Reykjavik ISL"]
[Date "2015.03.12"]
[Round "4.17"]
[White "Khademalsharieh, Sarasadat"]
[Black "Stefansson, Hannes"]
[Result "1/2-1/2"]
[WhiteTitle "WGM"]
[BlackTitle "GM"]
[WhiteElo "2357"]
[BlackElo "2560"]
[WhiteFideId "12512214"]
[BlackFideId "2300087"]
[EventDate "2015.03.10"]

1. d4 Nf6 2. Nf3 d5 3. c4 e6 4. e3 b6 5. Bd3 Bb7 6. O-O dxc4 7. Bxc4 Be7 8. Nc3
O-O 9. Qe2 Ne4 10. Nxe4 Bxe4 11. b3 Nd7 12. Bb2 a5 13. a3 Bd6 14. Rfd1 Qe7 15.
Bb5 Rad8 16. Nd2 Bb7 17. e4 Qh4 18. e5 Be7 19. Bd3 Nb8 20. Rac1 Rd7 21. Bb5 c6
22. Bd3 c5 23. Nc4 Bg5 24. g3 Qh3 25. f4 Bxf4 26. gxf4 Bf3 27. Qf1 Qg4+ 28. Kf2
Nc6 29. Be2 Bxe2 30. Qxe2 Qxf4+ 31. Kg2 Nxd4 32. Bxd4 Rxd4 33. Rxd4 cxd4 34. Rf1
Qg5+ 35. Kh1 Qe7 36. a4 Qc5 37. Qe4 Rd8 38. Rf3 Rd5 39. Qf4 Qc7 40. Rd3 f6 41.
Qg4 f5 42. Qf4 Qc6 43. Kg1 b5 44. axb5 Qxb5 45. Qg5 Qb4 46. Kf2 Qc5 47. Qh5 Rd8
48. Qh4 Rd7 49. Qh5 Rd8 50. Qh4 Rd7 1/2-1/2

[Event "Reykjavik Open 2015"]
[Site "Reykjavik ISL"]
[Date "2015.03.12"]
[Round "4.18"]
[White "Brunello, Sabino"]
[Black "Welling, Gerard"]
[Result "1-0"]
[WhiteTitle "GM"]
[BlackTitle "IM"]
[WhiteElo "2540"]
[BlackElo "2355"]
[WhiteFideId "813613"]
[BlackFideId "1000446"]
[EventDate "2015.03.10"]

1. c4 e6 2. g3 d5 3. Nf3 Nf6 4. Bg2 Be7 5. O-O O-O 6. b3 c5 7. Bb2 Nc6 8. e3 b6
9. Nc3 Bb7 10. cxd5 Nxd5 11. Nxd5 Qxd5 12. d4 Na5 13. dxc5 Bxc5 14. Qe2 Rad8 15.
Rad1 Qh5 16. h3 f6 17. Kh2 Qf7 18. Bd4 Qe7 19. Bxc5 Qxc5 20. Rc1 Qe7 21. Nd4
Bxg2 22. Kxg2 Rc8 23. Qg4 f5 24. Qf3 Qd7 25. Rxc8 Rxc8 26. Rd1 Rd8 27. Rc1 Rc8
28. Rxc8+ Qxc8 29. g4 g6 30. gxf5 gxf5 31. Qg3+ Kf7 32. Qh4 Qg8+ 33. Kf1 Qg7 34.
Qd8 Qf6 35. Qc8 Qe7 36. b4 1-0

[Event "Reykjavik Open 2015"]
[Site "Reykjavik ISL"]
[Date "2015.03.12"]
[Round "4.19"]
[White "Karlsson, Mikael Johann"]
[Black "Libiszewski, Fabien"]
[Result "0-1"]
[BlackTitle "GM"]
[WhiteElo "2138"]
[BlackElo "2514"]
[WhiteFideId "2305194"]
[BlackFideId "616834"]
[EventDate "2015.03.10"]

1. g3 e5 2. c4 Nf6 3. Bg2 h6 4. Nc3 Bb4 5. Nd5 Nxd5 6. cxd5 O-O 7. Nf3 Re8 8.
O-O c6 9. Qb3 Bf8 10. d4 exd4 11. Nxd4 c5 12. Nb5 d6 13. Nc3 Nd7 14. e4 Rb8 15.
a4 a6 16. a5 g6 17. Bf4 b5 18. axb6 Rxb6 19. Qc2 Ne5 20. Na4 Rb7 21. Bd2 Bg7 22.
Bc3 f5 23. f4 Ng4 24. Rfe1 fxe4 25. Bxe4 Bxc3 26. Nxc3 Qb6 27. Re2 Rbe7 28. Rae1
c4+ 29. Kg2 Kg7 30. Nd1 Qd4 31. Qc3 Qxc3 32. Nxc3 Rb7 33. Bf3 Rxb2 34. Rxb2 Rxe1
35. Rb6 Rc1 36. Ne2 Ne3+ 37. Kf2 Nd1+ 38. Ke1 Ra1 39. Rxd6 c3 40. Nd4 Ne3+ 41.
Ke2 c2 42. Nb3 Rb1 43. Rc6 Rxb3 44. Rxc8 Rb1 45. Kd2 Rd1+ 46. Kxe3 c1=Q+ 47.
Rxc1 Rxc1 48. Be2 a5 49. d6 Kf6 50. d7 Ke7 51. Bb5 Rc5 52. Bd3 a4 53. Bxg6 a3
54. d8=Q+ Kxd8 55. Bf7 Ke7 0-1

[Event "Reykjavik Open 2015"]
[Site "Reykjavik ISL"]
[Date "2015.03.12"]
[Round "4.20"]
[White "Pakleza, Zbigniew"]
[Black "Jensson, Einar Hjalti"]
[Result "1/2-1/2"]
[WhiteTitle "GM"]
[BlackTitle "FM"]
[WhiteElo "2498"]
[BlackElo "2390"]
[WhiteFideId "1119290"]
[BlackFideId "2301067"]
[EventDate "2015.03.10"]

1. d4 d5 2. Bf4 c5 3. e3 Nc6 4. c3 Nf6 5. Nd2 Bf5 6. Ngf3 Qb6 7. Qb3 c4 8. Qxb6
axb6 9. a3 b5 10. Rc1 Nh5 11. Be5 f6 12. Bc7 Kd7 13. Bb6 g5 14. h3 Ng7 15. g4
Bg6 16. h4 Ne6 17. hxg5 Ra6 18. Bc5 fxg5 19. Bb4 Bg7 20. Be2 Bf6 21. Bd1 Raa8
22. Nb1 Ng7 23. Bc2 Bxc2 24. Rxc2 h5 25. gxh5 g4 26. Ng1 Nxh5 27. Ne2 Nf4 28.
O-O Nd3 29. Nc1 e5 30. Nxd3 cxd3 31. Rcc1 e4 32. Kg2 Ke6 33. Rh1 Bg5 34. Nd2 Kf5
35. Bd6 Ke6 36. Bc5 Rag8 37. b3 Ne7 38. c4 bxc4 39. bxc4 Rxh1 40. Rxh1 Nf5 41.
cxd5+ Kxd5 42. Nb1 g3 43. Nc3+ Kc4 44. Nxe4 gxf2 45. Nxg5 Nxe3+ 46. Kxf2 Ng4+
47. Ke1 Rxg5 48. Kd2 Nf2 49. Rc1+ Kd5 50. Ke3 1/2-1/2

[Event "Reykjavik Open 2015"]
[Site "Reykjavik ISL"]
[Date "2015.03.12"]
[Round "4.21"]
[White "Kjartansson, Gudmundur"]
[Black "Gulamali, Kazim"]
[Result "1/2-1/2"]
[WhiteTitle "IM"]
[BlackTitle "FM"]
[WhiteElo "2491"]
[BlackElo "2350"]
[WhiteFideId "2301318"]
[BlackFideId "2024764"]
[EventDate "2015.03.10"]

1. Nf3 Nf6 2. c4 e6 3. Nc3 Bb4 4. Qc2 c5 5. a3 Ba5 6. e3 b6 7. Be2 Bxc3 8. Qxc3
Bb7 9. b4 d6 10. Bb2 Nbd7 11. d4 Qe7 12. dxc5 dxc5 13. b5 Ne4 14. Qxg7 O-O-O 15.
Qh6 Rhg8 16. Rg1 e5 17. Qh3 Kb8 18. a4 f6 19. Rd1 Nd6 20. Nh4 Rg5 21. f3 h5 22.
e4 Bc8 23. Nf5 Nxf5 24. exf5 Nf8 25. g4 Bxf5 26. Rxd8+ Qxd8 27. Qf1 hxg4 28. f4
exf4 29. Qxf4+ Qc7 30. Bc1 Rh5 31. h3 Bc8 32. Qxf6 Rf5 33. Qh4 Re5 34. hxg4 Ne6
35. Qf6 Ka8 36. Bb2 Nd4 37. Bxd4 cxd4 38. Kd1 Kb8 39. Bf3 Rc5 40. Bd5 d3 41. Qf3
Rxc4 42. Bxc4 Qxc4 43. Rg2 Qxa4+ 44. Kd2 Qb4+ 45. Kxd3 Bb7 46. Qg3+ Ka8 47. Rg1
Qxb5+ 48. Kc2 Qc5+ 49. Qc3 Be4+ 50. Kb3 Bd5+ 51. Kb2 Qf2+ 52. Qc2 Qd4+ 53. Qc3
Qf2+ 54. Qc2 Qd4+ 55. Qc3 1/2-1/2

[Event "Reykjavik Open 2015"]
[Site "Reykjavik ISL"]
[Date "2015.03.12"]
[Round "4.22"]
[White "Colovic, Aleksandar"]
[Black "Poley, Vladimir"]
[Result "1-0"]
[WhiteTitle "GM"]
[BlackTitle "IM"]
[WhiteElo "2482"]
[BlackElo "2269"]
[WhiteFideId "15000729"]
[BlackFideId "13500090"]
[EventDate "2015.03.10"]

1. e4 g6 2. d4 Bg7 3. Nc3 c6 4. Nf3 d5 5. h3 Nh6 6. Bf4 Qb6 7. Qc1 dxe4 8. Nxe4
Nf5 9. c3 O-O 10. Bc4 Qd8 11. Bb3 a5 12. O-O a4 13. Bxa4 Rxa4 14. Bxb8 Qd5 15.
Re1 Rxa2 16. Rxa2 Qxa2 17. Be5 f6 18. Bc7 Bh6 19. Qa1 Qf7 20. Ng3 Ng7 21. Qa3
Re8 22. Ba5 Bf4 23. Bb4 Ne6 24. Ne2 Bc7 25. Nc1 g5 26. c4 Nf4 27. Nd2 Be6 28.
Qc3 Bf5 29. Ne4 h5 30. Nd3 Nxd3 31. Qxd3 Qg6 32. Qe3 Bxe4 33. Qxe4 Qxe4 34. Rxe4
Kf7 35. Bc5 e6 36. Re3 b6 37. Bb4 Rd8 38. Bc3 Ra8 39. b3 Ra2 40. Re1 Rc2 41. Bb4
Rb2 42. d5 cxd5 43. cxd5 Be5 44. dxe6+ Kxe6 45. Re3 Rb1+ 46. Be1 Kd5 47. Kf1 Bd4
48. Rf3 g4 49. hxg4 hxg4 50. Rg3 f5 51. Ke2 Rb2+ 52. Bd2 Bxf2 53. Kxf2 Rxd2+ 54.
Ke3 Rd4 55. Ke2 Re4+ 56. Kd2 b5 57. Rc3 b4 58. Rc8 f4 59. Rg8 Re3 60. Rxg4 Ke4
61. Rg8 Rxb3 62. Re8+ Kf5 63. Rf8+ Kg4 64. Rg8+ Kh4 65. Rh8+ Kg3 66. Rh3+ Kxg2
67. Rxb3 f3 68. Ke3 f2 69. Rb2 1-0

[Event "Reykjavik Open 2015"]
[Site "Reykjavik ISL"]
[Date "2015.03.12"]
[Round "4.23"]
[White "Vuilleumier, Alexandre"]
[Black "Cornette, Matthieu"]
[Result "0-1"]
[WhiteTitle "IM"]
[BlackTitle "GM"]
[WhiteElo "2349"]
[BlackElo "2585"]
[WhiteFideId "1305662"]
[BlackFideId "620084"]
[EventDate "2015.03.10"]

1. e4 e6 2. d4 d5 3. Nc3 Nf6 4. e5 Nfd7 5. f4 c5 6. Nf3 Nc6 7. Be3 a6 8. Qd2 b5
9. dxc5 Bxc5 10. Bxc5 Nxc5 11. b4 Ne4 12. Nxe4 dxe4 13. Ng5 Qxd2+ 14. Kxd2 e3+
15. Kxe3 Nxb4 16. Bd3 Bb7 17. Ne4 O-O 18. a4 Nd5+ 19. Kf3 Nc3 20. axb5 axb5 21.
g3 Rac8 22. Ra7 Bd5 23. Re1 Rfd8 24. Kg4 Nxe4 25. Bxe4 Bxe4 26. Rxe4 Rxc2 27.
Re3 Rxh2 28. Rc3 h5+ 29. Kg5 Rh3 30. Rac7 b4 31. Rb3 Rb8 32. f5 h4 33. fxe6
Rxg3+ 34. Rxg3 hxg3 35. exf7+ Kf8 36. e6 g2 37. Rc1 b3 38. Kg6 b2 0-1

[Event "Reykjavik Open 2015"]
[Site "Reykjavik ISL"]
[Date "2015.03.12"]
[Round "4.24"]
[White "Kristinsson, Jon"]
[Black "Movsesian, Sergei"]
[Result "0-1"]
[BlackTitle "GM"]
[WhiteElo "2251"]
[BlackElo "2665"]
[WhiteFideId "2300141"]
[BlackFideId "310204"]
[EventDate "2015.03.10"]

1. d4 Nf6 2. Nf3 g6 3. c4 Bg7 4. g3 O-O 5. Bg2 d6 6. O-O c6 7. b3 Qb6 8. Bb2 a5
9. a3 Nbd7 10. Qc2 Qa6 11. Nbd2 d5 12. Rfe1 Nb6 13. Ne5 Bf5 14. e4 dxe4 15. Nxe4
a4 16. b4 Bxe4 17. Bxe4 Nxe4 18. Rxe4 f6 19. Nd3 Qxc4 20. Qxc4+ Nxc4 21. Rxe7
Rf7 22. Rae1 Bf8 23. R7e2 Rc7 24. Nf4 Bd6 25. Ne6 Re7 26. Nc5 Kf7 27. Bc1 Rxe2
28. Rxe2 b5 29. Ne4 Rd8 30. Nd2 Nb6 31. Bb2 Bf8 32. Re1 Bh6 33. f4 g5 34. Rc1
Rd6 35. Nf3 gxf4 36. g4 Nc4 37. Rc2 Ne3 38. Rc5 Nxg4 39. d5 Rxd5 40. Rxc6 Bf8 0-1

[Event "Reykjavik Open 2015"]
[Site "Reykjavik ISL"]
[Date "2015.03.12"]
[Round "4.25"]
[White "Hammer, Jon Ludvig"]
[Black "Johannesson, Oliver"]
[Result "1-0"]
[WhiteTitle "GM"]
[WhiteElo "2651"]
[BlackElo "2212"]
[WhiteFideId "1503707"]
[BlackFideId "2305623"]
[EventDate "2015.03.10"]

1. Nf3 d5 2. g3 c6 3. Bg2 Bg4 4. c4 e6 5. O-O Nd7 6. cxd5 exd5 7. d3 Ngf6 8. Qc2
Be7 9. e4 dxe4 10. dxe4 O-O 11. h3 Bxf3 12. Bxf3 Re8 13. Be3 Bf8 14. Bg2 Qe7 15.
Nc3 Nc5 16. f3 Rad8 17. Rad1 Rxd1 18. Rxd1 Rd8 19. Rxd8 Qxd8 20. e5 Nd5 21. Qd2
Ne6 22. Nxd5 cxd5 23. f4 d4 24. Bf2 Bc5 25. f5 Nf8 26. Kh2 Qb6 27. b4 Qxb4 28.
Qxb4 Bxb4 29. Bxd4 Nd7 30. Bxb7 Nc5 31. Bc6 Kf8 32. Kg2 Ke7 33. Kf3 a5 34. Bd5
Kf8 35. Ke3 Kg8 36. e6 fxe6 37. fxe6 Kf8 38. Bxg7+ Ke7 39. Bh6 Nxe6 40. Be4 Bd6
41. Kf2 Kf6 42. h4 Bf8 43. Bd2 Bc5+ 44. Kg2 h5 45. Bxa5 Nd4 46. Bc3 Kg7 47. a4
Kh6 48. a5 Nb5 49. Be5 Na7 50. a6 Nb5 51. Bc6 Na7 52. Be8 1-0